[Event "4NCL 2019-20"]
[Site "Daventry"]
[Date "2020.02.08"]
[Round "5"]
[White "Antoniewski, Rafal"]
[Black "Kilpatrick, Callum"]
[Result "1/2-1/2"]
[WhiteElo "2496"]
[BlackElo "2363"]
[Annotator "ChessBase"]
[PlyCount "113"]
[EventDate "2020.01.11"]
[EventCountry "ENG"]
[SourceTitle "playchess.com"]
[Source "ChessBase"]
[SourceQuality "1"]
[TimeControl "40/6000:3000+30"]

1. Nf3 {[%emt 0:00:00]} Nf6 {[%emt 0:00:00]} 2. g3 {[%emt 0:00:00]} g6 {[%emt 0:01:40]} 3. b3 {[%emt 0:00:05]} Bg7 {[%emt 0:00:00]} 4. Bb2 {[%emt 0:00:00]} O-O {[%emt 0:00:00]} 5. Bg2 {[%emt 0:00:00]} d5 {[%emt 0:00:00]} 6. c4 {[%emt 0:02:41]} dxc4 {[%emt 0:00:28]} 7. bxc4 {[%emt 0:00:00]} c5 {[%emt 0:00:00]} 8. O-O {[%emt 0:03:03]} Nc6 {[%emt 0:00:18]} 9. d3 {[%emt 0:01:24]} Bf5 {[%emt 0:12:42]} 10. Nbd2 {[%emt 0:14:30]} Qc7 {[%emt 0:08:04]} 11. Rb1 {[%emt 0:03:51]} Rad8 {[%emt 0:02:00]} 12. Bc3 {[%emt 0:07:51]} b6 {[%emt 0:03:43]} 13. Qc1 {[%emt 0:08:15]} e5 {[%emt 0:11:41]} 14. Qb2 {[%emt 0:04:06]} Nd4 {[%emt 0:00:22]} 15. Rfe1 {[%emt 0:00:28]} Rfe8 {[%emt 0:13:49]} 16. Ng5 {[%emt 0:13:52]} Bg4 {[%emt 0:04:33]} 17. Nf1 {[%emt 0:03:58]} h6 {[%emt 0:05:36]} 18. Ne4 {[%emt 0:00:00]} Nxe4 {[%emt 0:00:00]} 19. dxe4 {[%emt 0:00:00]} Qc8 {[%emt 0:00:36]} 20. Ne3 {[%emt 0:00:25]} h5 {[%emt 0:00:20]} 21. Nd5 {[%emt 0:02:32]} h4 {[%emt 0:06:45]} 22. f3 {[%emt 0:04:08]} Bh3 {[%emt 0:01:10]} 23. e3 {[%emt 0:00:48]} Nc6 {[%emt 0:05:19]} 24. gxh4 {[%emt 0:02:14]} Ne7 {[%emt 0:05:22]} 25. Red1 {[%emt 0:08:51]} Nxd5 {[%emt 0:00:00]} 26. exd5 {[%emt 0:00:52]} Bxg2 {[%emt 0:00:04]} 27. Qxg2 {[%emt 0:00:43]} Qf5 {[%emt 0:02:18]} 28. e4 {[%emt 0:00:56]} Qh5 {[%emt 0:00:00]} 29. Qg4 {[%emt 0:00:13]} Qh7 {[%emt 0:02:10]} 30. Kh1 {[%emt 0:01:37]} Bf6 {[%emt 0:02:01]} 31. f4 {[%emt 0:02:19]} Qh8 {[%emt 0:05:55]} 32. Rf1 {[%emt 0:02:27]} Rd6 {[%emt 0:00:00]} 33. Rf3 {[%emt 0:00:28]} Re7 {[%emt 0:02:15]} 34. Rbf1 {[%emt 0:02:05]} exf4 {[%emt 0:00:09]} 35. Qxf4 {[%emt 0:00:00]} Be5 {[%emt 0:00:00]} 36. Bxe5 {[%emt 0:01:30]} Qxe5 {[%emt 0:00:00]} 37. Qxe5 {[%emt 0:00:00]} Rxe5 {[%emt 0:00:00]} 38. Rxf7 {[%emt 0:00:00]} Rd8 {[%emt 0:00:00]} 39. R7f4 {[%emt 0:00:00]} Rde8 {[%emt 0:00:00]} 40. Re1 {[%emt 0:00:00]} b5 {[%emt 0:00:00]} 41. cxb5 {[%emt 0:50:20]} Rxd5 {[%emt 0:49:28]} 42. Rg1 {[%emt 0:00:10]} Rd2 {[%emt 0:00:00]} 43. Rg3 {[%emt 0:02:43]} g5 44. Rxg5+ {[%emt 0:00:00]} Kh7 {[%emt 0:00:00]} 45. Rg2 {[%emt 0:00:00]} Rd1+ {[%emt 0:00:00]} 46. Rg1 {[%emt 0:00:00]} Rd2 {[%emt 0:00:00]} 47. Rf5 {[%emt 0:00:00]} Kh6 {[%emt 0:00:00]} 48. e5 {[%emt 0:00:00]} c4 {[%emt 0:00:00]} 49. Rf6+ {[%emt 0:00:00]} Kh7 {[%emt 0:00:00]} 50. Rf7+ {[%emt 0:00:00]} Kh6 {[%emt 0:00:00]} 51. h5 {[%emt 0:00:00]} Rxe5 {[%emt 0:00:00]} 52. Rg6+ {[%emt 0:00:00]} Kxh5 {[%emt 0:00:00]} 53. Rg1 {[%emt 0:00:00]} Kh6 {[%emt 0:00:00]} 54. Rf8 {[%emt 0:00:00]} Kh7 {[%emt 0:00:00]} 55. Rf7+ {[%emt 0:03:44]} Kh6 {[%emt 0:00:00]} 56. Rf6+ {[%emt 0:01:13]} Kh7 {[%emt 0:00:00]} 57. Rf7+ {[%emt 0:01:11]} 1/2-1/2

[Event "4NCL 2019-20"]
[Site "Daventry"]
[Date "2020.02.08"]
[Round "5"]
[White "Schneider, Dmitry"]
[Black "Reimanis, Ritvars"]
[Result "1/2-1/2"]
[WhiteElo "2475"]
[BlackElo "2370"]
[Annotator "ChessBase"]
[PlyCount "54"]
[EventDate "2020.01.11"]
[EventCountry "ENG"]
[SourceTitle "playchess.com"]
[Source "ChessBase"]
[SourceQuality "1"]
[TimeControl "40/6000:3000+30"]

1. e4 {[%emt 0:00:00]} c5 {[%emt 0:00:00]} 2. Nf3 {[%emt 0:00:00]} Nc6 {[%emt 0:00:00]} 3. d4 {[%emt 0:00:00]} cxd4 {[%emt 0:00:00]} 4. Nxd4 {[%emt 0:00:00]} Nf6 {[%emt 0:00:00]} 5. Nc3 {[%emt 0:00:00]} d6 {[%emt 0:00:00]} 6. g3 {[%emt 0:00:00]} e5 {[%emt 0:00:00]} 7. Nde2 {[%emt 0:00:00]} Be6 {[%emt 0:00:07]} 8. Bg2 {[%emt 0:00:00]} Be7 {[%emt 0:00:00]} 9. O-O {[%emt 0:00:00]} Rc8 {[%emt 0:00:00]} 10. Nd5 {[%emt 0:09:10]} Bxd5 {[%emt 0:01:23]} 11. exd5 {[%emt 0:00:00]} Nb8 {[%emt 0:00:02]} 12. h3 {[%emt 0:03:58]} Nbd7 {[%emt 0:04:58]} 13. a4 {[%emt 0:03:55]} Qc7 {[%emt 0:02:24]} 14. c3 {[%emt 0:01:15]} a5 {[%emt 0:06:41]} 15. g4 {[%emt 0:01:21]} O-O {[%emt 0:04:24]} 16. Ng3 {[%emt 0:00:00]} Nb6 {[%emt 0:03:29]} 17. Nf5 {[%emt 0:08:42]} Bd8 {[%emt 0:05:59]} 18. b3 {[%emt 0:08:43]} g6 {[%emt 0:00:00]} 19. Nh6+ {[%emt 0:01:14]} Kg7 {[%emt 0:00:00]} 20. c4 {[%emt 0:00:40]} Nbd7 {[%emt 0:00:27]} 21. Be3 {[%emt 0:14:54]} Ng8 {[%emt 0:07:05]} 22. Nxg8 {[%emt 0:00:39]} Kxg8 {[%emt 0:00:00]} 23. f4 {[%emt 0:04:46]} exf4 {[%emt 0:00:49]} 24. Bxf4 {[%emt 0:00:00]} Bf6 {[%emt 0:00:00]} 25. Ra2 {[%emt 0:00:00]} Qb6+ {[%emt 0:01:54]} 26. Kh1 {[%emt 0:00:13]} Be5 {[%emt 0:00:00]} 27. Bxe5 {[%emt 0:01:09]} Nxe5 {[%emt 0:00:00]} 1/2-1/2

[Event "4NCL 2019-20"]
[Site "Daventry"]
[Date "2020.02.08"]
[Round "5"]
[White "Paehtz, Elisabeth"]
[Black "Clarke, Stuart W"]
[Result "1/2-1/2"]
[WhiteElo "2467"]
[BlackElo "2195"]
[Annotator "ChessBase"]
[PlyCount "93"]
[EventDate "2020.01.11"]
[EventCountry "ENG"]
[SourceTitle "playchess.com"]
[Source "ChessBase"]
[SourceQuality "1"]
[TimeControl "40/6000:3000+30"]

1. d4 {[%emt 0:00:00]} e6 {[%emt 0:00:00]} 2. c4 {[%emt 0:00:00]} Nf6 {[%emt 0:00:00]} 3. g3 {[%emt 0:00:00]} Bb4+ {[%emt 0:00:00]} 4. Bd2 {[%emt 0:00:00]} a5 {[%emt 0:00:00]} 5. Bg2 {[%emt 0:00:00]} d6 {[%emt 0:03:40]} 6. e3 {[%emt 0:00:00]} Nc6 {[%emt 0:08:06]} 7. Ne2 {[%emt 0:00:00]} e5 {[%emt 0:03:53]} 8. d5 {[%emt 0:00:00]} Bxd2+ {[%emt 0:03:23]} 9. Qxd2 {[%emt 0:00:00]} Nb8 {[%emt 0:03:28]} 10. Nbc3 {[%emt 0:00:00]} Na6 {[%emt 0:00:36]} 11. O-O {[%emt 0:00:14]} O-O {[%emt 0:05:56]} 12. f4 {[%emt 0:10:33]} Nc5 {[%emt 0:04:09]} 13. fxe5 {[%emt 0:02:03]} dxe5 {[%emt 0:00:00]} 14. e4 {[%emt 0:00:00]} b6 {[%emt 0:08:05]} 15. Qg5 {[%emt 0:02:47]} Qe7 {[%emt 0:04:43]} 16. Qe3 {[%emt 0:12:10]} Ne8 {[%emt 0:06:19]} 17. b3 {[%emt 0:00:00]} Nd6 {[%emt 0:00:00]} 18. Nc1 {[%emt 0:00:41]} Bd7 {[%emt 0:05:32]} 19. Nd3 {[%emt 0:00:00]} Nxd3 {[%emt 0:00:12]} 20. Qxd3 {[%emt 0:00:00]} Nb7 {[%emt 0:01:24]} 21. Qe3 {[%emt 0:00:43]} Qb4 {[%emt 0:00:40]} 22. Rfe1 {[%emt 0:08:30]} a4 {[%emt 0:01:41]} 23. a3 {[%emt 0:00:54]} Qc5 {[%emt 0:10:42]} 24. Qxc5 {[%emt 0:03:46]} Nxc5 {[%emt 0:00:00]} 25. b4 {[%emt 0:00:00]} Nb3 {[%emt 0:00:00]} 26. Ra2 {[%emt 0:01:32]} g6 {[%emt 0:04:01]} 27. Bf1 {[%emt 0:07:07]} h5 {[%emt 0:02:24]} 28. Rf2 {[%emt 0:01:28]} Kg7 {[%emt 0:00:33]} 29. Nb1 {[%emt 0:01:23]} f6 {[%emt 0:07:45]} 30. Re3 {[%emt 0:02:12]} Nd4 {[%emt 0:00:59]} 31. Nc3 {[%emt 0:00:00]} Rh8 {[%emt 0:00:42]} 32. h4 {[%emt 0:01:05]} Rhe8 {[%emt 0:01:45]} 33. Kh2 {[%emt 0:00:11]} c5 {[%emt 0:04:13]} 34. Re1 {[%emt 0:04:45]} Bg4 {[%emt 0:01:48]} 35. Rb1 {[%emt 0:00:00]} Nb3 {[%emt 0:00:08]} 36. Nxa4 {[%emt 0:01:43]} Nd2 {[%emt 0:01:28]} 37. Rxd2 {[%emt 0:00:00]} Rxa4 {[%emt 0:00:00]} 38. bxc5 {[%emt 0:03:38]} bxc5 {[%emt 0:00:00]} 39. Rb7+ {[%emt 0:00:00]} Kh6 {[%emt 0:00:00]} 40. Rc7 {[%emt 0:01:56]} Rxa3 {[%emt 0:00:00]} 41. d6 {[%emt 0:54:33]} Rd8 {[%emt 0:08:05]} 42. Bh3 {[%emt 0:00:00]} Bf3 {[%emt 0:05:30]} 43. Bg2 {[%emt 0:00:00]} Bg4 {[%emt 0:00:37]} 44. Bh3 {[%emt 0:00:00]} Bf3 {[%emt 0:01:23]} 45. Kg1 {[%emt 0:00:00]} Bxe4 {[%emt 0:07:44]} 46. d7 {[%emt 0:00:00]} f5 {[%emt 0:02:41]} 47. Rc8 {[%emt 0:07:47]} 1/2-1/2

[Event "4NCL 2019-20"]
[Site "Daventry"]
[Date "2020.02.08"]
[Round "5"]
[White "Williams, Simon K"]
[Black "Ledger, Andrew J"]
[Result "1/2-1/2"]
[WhiteElo "2461"]
[BlackElo "2347"]
[Annotator "ChessBase"]
[PlyCount "38"]
[EventDate "2020.01.11"]
[EventCountry "ENG"]
[SourceTitle "playchess.com"]
[Source "ChessBase"]
[SourceQuality "1"]
[TimeControl "40/6000:3000+30"]

1. Nf3 {[%emt 0:00:00]} Nf6 {[%emt 0:00:00]} 2. c4 {[%emt 0:00:00]} c5 {[%emt 0:00:00]} 3. b3 {[%emt 0:00:20]} g6 {[%emt 0:01:12]} 4. Bb2 {[%emt 0:00:05]} Bg7 {[%emt 0:00:00]} 5. g3 {[%emt 0:01:51]} b6 {[%emt 0:04:36]} 6. Bg2 {[%emt 0:03:44]} Bb7 {[%emt 0:00:00]} 7. O-O {[%emt 0:00:00]} O-O {[%emt 0:00:13]} 8. e3 {[%emt 0:06:33]} Nc6 {[%emt 0:05:30]} 9. d4 {[%emt 0:01:24]} cxd4 {[%emt 0:01:52]} 10. Nxd4 {[%emt 0:00:00]} Qc8 {[%emt 0:06:20]} 11. Nd2 {[%emt 0:07:02]} Nxd4 {[%emt 0:02:51]} 12. Bxd4 {[%emt 0:02:18]} Bxg2 {[%emt 0:00:58]} 13. Kxg2 {[%emt 0:00:00]} Qc6+ {[%emt 0:04:42]} 14. Qf3 {[%emt 0:00:00]} Rfd8 {[%emt 0:02:58]} 15. Rad1 {[%emt 0:10:04]} d5 {[%emt 0:09:13]} 16. cxd5 {[%emt 0:02:13]} Qxd5 {[%emt 0:02:36]} 17. Bxf6 {[%emt 0:01:10]} Qxf3+ {[%emt 0:01:43]} 18. Kxf3 {[%emt 0:00:01]} Bxf6 {[%emt 0:01:53]} 19. Ne4 {[%emt 0:03:51]} Bb2 {[%emt 0:00:00]} 1/2-1/2

[Event "4NCL 2019-20"]
[Site "Daventry"]
[Date "2020.02.08"]
[Round "5"]
[White "Colovic, Aleksandar"]
[Black "McShane, Luke J"]
[Result "1/2-1/2"]
[WhiteElo "2443"]
[BlackElo "2677"]
[Annotator "TA"]
[PlyCount "90"]
[EventDate "2020.01.11"]
[EventCountry "ENG"]
[SourceTitle "playchess.com"]
[Source "ChessBase"]
[SourceQuality "1"]

{[%evp 12,90,20,9,17,11,20,28,46,21,29,39,41,16,23,14,19,20,24,17,43,36,55,41,44,41,53,43,56,46,58,56,71,63,61,0,22,0,0,-46,-37,-56,0,-51,-33,-11,0,-49,-36,-97,0,0,0,-139,-30,-57,-31,-37,-57,-67,0,0,0,0,0,0,51,50,52,47,70,70,68,56,58,58,69,42,43,44,44]} 1. d4 Nf6 2. Nf3 e6 3. c4 Bb4+ 4. Bd2 c5 5. g3 Qb6 6. Bg2 cxd4 {[#]} 7. Nxd4 $1 {[%mdl 512]} Bc5 {A32: Symmetrical English: 2 Nf3 Nf6 3 d4 cxd4 4 Nxd4 e6} (7... Qxd4 8. Bxb4) 8. e3 $1 Nc6 (8... Qxb2 $6 9. Nc3 $16) 9. Bc3 d5 {White has an edge.} 10. O-O O-O 11. Nb3 Be7 {[#]} 12. cxd5 $146 ({Predecessor:} 12. N1d2 Rd8 13. Nd4 Bb4 14. Nxc6 bxc6 15. Bxf6 gxf6 16. cxd5 cxd5 17. a3 Bf8 18. b4 {½-½ (25) Vogt,L-Gross,S Trencianske Teplice 1974}) 12... Nxd5 13. Bxd5 exd5 14. Qxd5 Bh3 15. Rc1 Rad8 16. Qh5 Be6 17. N1d2 Rd5 18. Qe2 Qd8 19. Nd4 Nxd4 20. Bxd4 h5 21. Ne4 b6 22. Nc3 Rg5 23. Ne4 (23. Rd1 $14 Qb8 24. e4) 23... Rg4 24. Nd2 h4 25. Nc4 hxg3 26. hxg3 Rg6 (26... Rg5 $1 $15) 27. Ne5 ({Better is} 27. Rd1 $11) 27... Rh6 $15 {[%mdl 1024] Black has compensation.} 28. Rd1 Bd6 29. Bc3 Qc7 30. Nf3 (30. f4 $1 $15) 30... Qc5 (30... Bg4 $17 31. Rac1 Qb7) 31. Rd4 $11 Be7 32. Re1 (32. Nh2 $1 $11 {remains equal.}) 32... Qf5 ({Of course not} 32... Bxa2 33. Bb4 $15) ({Much weaker is} 32... Qh5 $6 33. Nh4 $11) (32... Bf6 $17 33. Ra4 b5) 33. Nh4 $1 {[%cal Rh4f5]} Qh7 $1 {...g5 is the strong threat.} 34. Qd3 $1 f5 {aiming for ...g5.} 35. Kg2 g5 (35... Bf6 $1 $15) 36. Nf3 g4 37. Ne5 Bf6 38. Rd6 Rh2+ (38... Bxa2 $11 39. Nd7 Bxc3 40. bxc3 Rf7 41. Rxh6 Qxh6) 39. Kf1 $14 {White is slightly better.} Bxe5 $1 ({Don't go for} 39... Bxa2 $2 {[#]} 40. Rxf6 $1 {[%mdl 512]} Rxf6 41. Qd8+ Rf8 42. Qg5+ Qg7 43. Qxg7+ Kxg7 44. Nxg4+ Kf7 45. Nxh2 $18) 40. Bxe5 Qf7 41. b3 {Threatens to win with Ke2.} Re8 42. Rd8 Kh7 43. Rxe8 Qxe8 44. Bc3 {Strongly threatening Qd4.} Qc6 {( -> ...Qf3!)} 45. e4 Rh1+ {Accuracy: White = 74%, Black = 81%.} 1/2-1/2

[Event "4NCL 2019-20"]
[Site "Daventry"]
[Date "2020.02.08"]
[Round "5"]
[White "Hebden, Mark L"]
[Black "Benhamida, Aisha"]
[Result "1-0"]
[WhiteElo "2434"]
[BlackElo "1577"]
[Annotator "ChessBase"]
[PlyCount "35"]
[EventDate "2020.01.11"]
[EventCountry "ENG"]
[SourceTitle "playchess.com"]
[Source "ChessBase"]
[SourceQuality "1"]
[TimeControl "40/6000:3000+30"]

1. d4 {[%emt 0:00:00]} Nf6 {[%emt 0:00:00]} 2. Nc3 {[%emt 0:00:00]} g6 {[%emt 0:00:00]} 3. e4 {[%emt 0:00:00]} d6 {[%emt 0:00:00]} 4. Nf3 {[%emt 0:00:00]} Bg7 {[%emt 0:00:00]} 5. Be3 {[%emt 0:00:00]} O-O {[%emt 0:00:21]} 6. Qd2 {[%emt 0:00:00]} Nbd7 {[%emt 0:01:48]} 7. Bh6 {[%emt 0:00:00]} a6 {[%emt 0:12:48]} 8. O-O-O {[%emt 0:08:05]} Nb6 {[%emt 0:06:32]} 9. h3 {[%emt 0:04:18]} Be6 {[%emt 0:01:53]} 10. Qg5 {[%emt 0:03:55]} c6 {[%emt 0:06:06]} 11. Qh4 {[%emt 0:01:57]} Qc7 {[%emt 0:09:13]} 12. Ng5 {[%emt 0:02:15]} Nbd7 {[%emt 0:09:42]} 13. f4 {[%emt 0:10:50]} Rfe8 {[%emt 0:09:56]} 14. Bxg7 {[%emt 0:02:12]} Kxg7 {[%emt 0:02:18]} 15. e5 {[%emt 0:00:00]} Nh5 {[%emt 0:02:04]} 16. g4 {[%emt 0:00:25]} h6 {[%emt 0:00:00]} 17. Nxe6+ {[%emt 0:00:00]} fxe6 {[%emt 0:00:00]} 18. gxh5 {[%emt 0:00:00]} 1-0

[Event "4NCL 2019-20"]
[Site "Daventry"]
[Date "2020.02.08"]
[Round "5"]
[White "Zhou, Yang-Fan"]
[Black "Erdos, Viktor"]
[Result "1/2-1/2"]
[WhiteElo "2433"]
[BlackElo "2621"]
[Annotator "TA"]
[PlyCount "34"]
[EventDate "2020.01.11"]
[EventCountry "ENG"]
[SourceTitle "playchess.com"]
[Source "ChessBase"]
[SourceQuality "1"]

{[%evp 17,20,79,78,72,80]} 1. e4 e5 2. Nf3 Nc6 3. Bc4 Bc5 4. c3 d6 5. d4 exd4 6. cxd4 Bb6 7. h3 Nf6 8. Nc3 h6 9. O-O O-O 10. Re1 {C56: Two Knights: 4 d4 exd4 5 0-0 Nxe4.} Ne7 {[#]} {Predecessor:} 11. Qe2 $146 d5 12. e5 Ne8 13. Bb3 Bf5 14. Be3 c6 15. Nh4 Bh7 16. g3 Qd7 17. Kh2 f6 {0-1 (58) Budak,R (2270)-Barbot,P (2570) Nancy 2018} 1/2-1/2

[Event "4NCL 2019-20"]
[Site "Daventry"]
[Date "2020.02.08"]
[Round "5"]
[White "Kirk, Ezra"]
[Black "Webb, Laurence E"]
[Result "1-0"]
[WhiteElo "2430"]
[BlackElo "2307"]
[Annotator "ChessBase"]
[PlyCount "65"]
[EventDate "2020.01.11"]
[EventCountry "ENG"]
[SourceTitle "playchess.com"]
[Source "ChessBase"]
[SourceQuality "1"]
[TimeControl "40/6000:3000+30"]

1. e4 {[%emt 0:00:00]} c6 {[%emt 0:00:00]} 2. d4 {[%emt 0:00:00]} d5 {[%emt 0:00:00]} 3. e5 {[%emt 0:00:00]} c5 {[%emt 0:00:00]} 4. Nf3 {[%emt 0:00:00]} cxd4 {[%emt 0:00:00]} 5. Nxd4 {[%emt 0:00:00]} e6 {[%emt 0:00:00]} 6. c4 {[%emt 0:00:34]} Bc5 {[%emt 0:05:09]} 7. Nb3 {[%emt 0:20:18]} Bb6 {[%emt 0:04:07]} 8. Qg4 {[%emt 0:10:12]} g6 {[%emt 0:03:09]} 9. c5 {[%emt 0:09:15]} Bc7 {[%emt 0:03:03]} 10. Bg5 {[%emt 0:01:48]} f6 {[%emt 0:11:26]} 11. exf6 {[%emt 0:02:49]} Nxf6 {[%emt 0:00:18]} 12. Qh4 {[%emt 0:01:37]} O-O {[%emt 0:00:50]} 13. Nc3 {[%emt 0:00:00]} Nbd7 {[%emt 0:13:17]} 14. Be2 {[%emt 0:01:49]} Qe7 {[%emt 0:11:27]} 15. O-O {[%emt 0:01:11]} Bd8 {[%emt 0:07:09]} 16. Rac1 {[%emt 0:02:51]} a6 {[%emt 0:04:03]} 17. Rfe1 {[%emt 0:01:46]} Qf7 {[%emt 0:00:00]} 18. Bf3 {[%emt 0:01:21]} Be7 {[%emt 0:03:23]} 19. c6 {[%emt 0:04:55]} bxc6 {[%emt 0:02:08]} 20. Nd4 {[%emt 0:00:00]} Nb8 {[%emt 0:10:06]} 21. Na4 {[%emt 0:00:00]} Bd8 {[%emt 0:02:21]} 22. Nc5 {[%emt 0:03:46]} Bb6 {[%emt 0:02:56]} 23. Ndxe6 {[%emt 0:13:42]} Bxe6 {[%emt 0:01:23]} 24. Rxe6 {[%emt 0:00:23]} Ne4 {[%emt 0:07:55]} 25. Bxe4 {[%emt 0:13:46]} Bxc5 {[%emt 0:01:02]} 26. Rf6 {[%emt 0:00:00]} Qg7 {[%emt 0:01:26]} 27. Rxc5 {[%emt 0:00:10]} dxe4 {[%emt 0:00:10]} 28. Rxf8+ {[%emt 0:00:00]} Qxf8 {[%emt 0:00:00]} 29. Re5 {[%emt 0:00:00]} Ra7 {[%emt 0:02:04]} 30. Qxe4 {[%emt 0:00:40]} Qd6 {[%emt 0:00:08]} 31. Re8+ {[%emt 0:00:37]} Kf7 {[%emt 0:00:00]} 32. Rd8 {[%emt 0:00:36]} Qc7 {[%emt 0:00:27]} 33. Qe8+ {[%emt 0:00:00]} 1-0

[Event "4NCL 2019-20"]
[Site "Daventry"]
[Date "2020.02.08"]
[Round "5"]
[White "Greet, Andrew N"]
[Black "Lee, Richard W Y"]
[Result "1-0"]
[WhiteElo "2425"]
[BlackElo "2130"]
[Annotator "NA"]
[PlyCount "69"]
[EventDate "2020.01.11"]
[EventCountry "ENG"]
[SourceTitle "playchess.com"]
[Source "ChessBase"]
[SourceQuality "1"]
[TimeControl "40/6000:3000+30"]

1. d4 {[%emt 0:00:00]} d5 {[%emt 0:00:00]} 2. Nf3 {[%emt 0:00:00]} Nf6 {[%emt 0:00:00]} 3. c4 {[%emt 0:00:00]} e6 {[%emt 0:00:00]} 4. g3 {[%emt 0:00:00]} Be7 {[%emt 0:00:00]} 5. Bg2 {[%emt 0:00:00]} O-O {[%emt 0:00:00]} 6. O-O {[%emt 0:00:00]} c6 {[%emt 0:00:00]} 7. Qc2 {[%emt 0:00:00]} Nbd7 {[%emt 0:00:00]} 8. Nbd2 {[%emt 0:00:00]} b6 {[%emt 0:00:00]} 9. e4 {[%emt 0:00:00]} Bb7 {[%emt 0:00:00]} 10. e5 {[%emt 0:00:00]} Ne8 {[%emt 0:00:00]} 11. cxd5 {[%emt 0:00:00]} cxd5 {[%emt 0:00:00]} 12. Re1 {[%emt 0:00:00]} Rc8 {[%emt 0:00:00]} 13. Qa4 {[%emt 0:00:00] E09: Closed Catalan: Main Line: 7 Qc2 c6 8 Nbd2.} Bc6 {[%emt 0:00:00]} 14. Qb3 {[%emt 0:00:00]} b5 {[%emt 0:00:00]} 15. Bf1 {[%emt 0:05:22]} Qb6 {[%emt 0:00:00]} 16. Bd3 {[%emt 0:08:30]} b4 {[%emt 0:00:48] [#]} 17. Qc2 $146 {[%emt 0:02:49]} ({Predecessor:} 17. Nf1 h6 18. Bb1 Bb5 19. Ne3 f5 20. Ng2 Rf7 21. h4 Nf8 22. Be3 a5 23. Qd1 {1-0 (70) Kozul,Z (2576)-Kovacevic,B (2493) Vukovar 2005}) 17... g6 {[%emt 0:11:23]} 18. Nf1 {[%emt 0:00:19]} Bb7 {[%emt 0:11:48]} 19. Qe2 {[%emt 0:00:14]} Nb8 {[%emt 0:01:31]} 20. h4 {[%emt 0:01:42]} Ba6 {[%emt 0:11:49]} 21. Bg5 {[%emt 0:00:33]} Bxd3 {[%emt 0:07:34]} 22. Qxd3 {[%emt 0:00:00]} f6 {[%emt 0:05:48]} 23. exf6 {[%emt 0:07:24]} Bxf6 {[%emt 0:01:41]} 24. Rac1 {[%emt 0:03:05]} Rxc1 {[%emt 0:05:17]} 25. Bxc1 {[%emt 0:03:23]} Nc7 {[%emt 0:08:38]} 26. Bf4 {[%emt 0:04:11]} (26. N1h2 $16) 26... Nb5 $1 {[%emt 0:01:53]} 27. Be3 {[%emt 0:05:47]} Nc6 {[%emt 0:04:02]} 28. Rd1 {[%emt 0:00:00]} a5 {[%emt 0:06:19]} 29. g4 {[%emt 0:06:10]} Kh8 $16 {[%emt 0:04:43]} (29... Qb7 $11) 30. Ng3 {[%emt 0:00:47]} Bg7 {[%emt 0:06:19]} 31. Kg2 {[%emt 0:00:12]} Rxf3 {[%emt 0:02:55]} 32. Kxf3 {[%emt 0:00:00]} Nbxd4+ {[%emt 0:00:00]} 33. Kg2 {[%emt 0:00:00]} Qd8 {[%emt 0:01:49]} 34. Rc1 {[%emt 0:02:53]} Qb6 {[%emt 0:02:54]} 35. Bxd4 {[%emt 0:00:50]} 1-0

[Event "4NCL 2019-20"]
[Site "Daventry"]
[Date "2020.02.08"]
[Round "5"]
[White "Sukandar, Irine Kharisma"]
[Black "Bukojemski, Adam"]
[Result "1-0"]
[WhiteElo "2408"]
[BlackElo "2201"]
[Annotator "ChessBase"]
[PlyCount "83"]
[EventDate "2020.01.11"]
[EventCountry "ENG"]
[SourceTitle "playchess.com"]
[Source "ChessBase"]
[SourceQuality "1"]
[TimeControl "40/6000:3000+30"]

1. d4 {[%emt 0:00:00]} Nf6 {[%emt 0:00:00]} 2. Bf4 {[%emt 0:00:00]} b5 {[%emt 0:00:00]} 3. e3 {[%emt 0:03:50]} Bb7 {[%emt 0:00:00]} 4. Nf3 {[%emt 0:00:00]} c5 {[%emt 0:00:00]} 5. dxc5 {[%emt 0:01:07]} Nd5 {[%emt 0:00:00]} 6. Bg3 {[%emt 0:00:46]} Qc8 {[%emt 0:01:10]} 7. Bxb5 {[%emt 0:06:21]} Qxc5 {[%emt 0:00:10]} 8. Bd3 {[%emt 0:00:50]} Nb4 {[%emt 0:05:38]} 9. O-O {[%emt 0:01:24]} Nxd3 {[%emt 0:00:00]} 10. cxd3 {[%emt 0:00:00]} d6 {[%emt 0:00:18]} 11. Nc3 {[%emt 0:00:06]} g6 {[%emt 0:00:36]} 12. Rc1 {[%emt 0:04:41]} Bg7 {[%emt 0:05:29]} 13. Qb3 {[%emt 0:00:48]} Bc6 {[%emt 0:04:06]} 14. d4 {[%emt 0:17:03]} Qb6 {[%emt 0:00:00]} 15. Nd2 {[%emt 0:00:43]} Qxb3 {[%emt 0:05:43]} 16. Nxb3 {[%emt 0:00:00]} a5 {[%emt 0:00:15]} 17. Nd2 {[%emt 0:01:15]} Kd7 {[%emt 0:00:20]} 18. d5 {[%emt 0:07:30]} Bb7 {[%emt 0:00:00]} 19. Na4 {[%emt 0:00:00]} Ra6 {[%emt 0:00:00]} 20. e4 {[%emt 0:08:27]} Rc8 {[%emt 0:04:06]} 21. Nc4 {[%emt 0:05:36]} Kd8 {[%emt 0:00:50]} 22. Bf4 {[%emt 0:03:33]} Nd7 {[%emt 0:00:08]} 23. Bd2 {[%emt 0:00:00]} Rca8 {[%emt 0:00:00]} 24. Be3 {[%emt 0:00:00]} f5 {[%emt 0:04:19]} 25. f3 {[%emt 0:02:51]} Rb8 {[%emt 0:00:48]} 26. b3 {[%emt 0:00:00]} Bc8 {[%emt 0:02:37]} 27. Kh1 {[%emt 0:00:00]} Rb5 {[%emt 0:07:16]} 28. Rc2 {[%emt 0:01:13]} Bf6 {[%emt 0:16:51]} 29. Rfc1 {[%emt 0:00:54]} Bb7 {[%emt 0:00:05]} 30. Na3 {[%emt 0:03:52]} Rb4 {[%emt 0:00:10]} 31. Bd2 {[%emt 0:00:28]} Rd4 {[%emt 0:00:09]} 32. Nc4 {[%emt 0:06:25]} Ke8 {[%emt 0:18:22]} 33. Nxa5 {[%emt 0:01:57]} Rxd2 {[%emt 0:00:26]} 34. Nxb7 {[%emt 0:00:00]} Rxc2 {[%emt 0:01:26]} 35. Rxc2 {[%emt 0:00:00]} Bd4 {[%emt 0:00:13]} 36. Rc8+ {[%emt 0:01:29]} Kf7 {[%emt 0:00:00]} 37. Nd8+ {[%emt 0:00:00]} Kf6 {[%emt 0:00:00]} 38. Nc6 {[%emt 0:00:39]} Ba1 {[%emt 0:01:23]} 39. Rc7 {[%emt 0:02:10]} Ne5 {[%emt 0:00:24]} 40. Nb4 {[%emt 0:01:08]} Ra5 {[%emt 0:00:30]} 41. Nc2 {[%emt 0:50:09]} Bb2 {[%emt 0:50:15]} 42. Nxb2 {[%emt 0:00:22]} 1-0